[Event "Faxe anniversity"]
[Site "Faxe"]
[Date "2014.04.09"]
[Round "3"]
[White "Hansen, Arne Mandrup"]
[Black "Skotte, Niels Peder"]
[Result "1/2-1/2"]
[WhiteElo "1304"]
[BlackElo "1346"]
[PlyCount "54"]
[EventDate "2014.03.26"]
[EventType "swiss"]
[EventRounds "7"]
[EventCountry "DEN"]
[SourceTitle "EXT 2023"]
[Source "ChessBase"]
[SourceDate "2022.10.05"]
[SourceVersion "1"]
[SourceVersionDate "2022.10.05"]
[SourceQuality "1"]

1. d4 Nf6 2. c4 c6 3. Nf3 d6 4. Nc3 Bf5 5. g3 Nbd7 6. Bg2 e5 7. dxe5 Nxe5 8. Nxe5 dxe5 9. 0-0 Qxd1 10. Rxd1 Bc5 11. h3 h6 12. b3 0-0 13. Bb2 Rfe8 14. Rd2 Rad8 15. Rad1 Rxd2 16. Rxd2 Bd4 17. e3 Bxc3 18. Bxc3 e4 19. a4 Nd7 20. g4 Be6 21. Bxe4 Nc5 22. Bc2 h5 23. b4 Nd7 24. Bf5 Bxf5 25. gxf5 Nb6 26. c5 Nd5 27. Rc2 Re4 1/2-1/2

[Event "Faxe anniversity"]
[Site "Faxe"]
[Date "2014.04.02"]
[Round "2"]
[White "Skotte, Niels Peder"]
[Black "Andersen, Hans E"]
[Result "0-1"]
[WhiteElo "1346"]
[BlackElo "1517"]
[PlyCount "81"]
[EventDate "2014.03.26"]
[EventType "swiss"]
[EventRounds "7"]
[EventCountry "DEN"]
[SourceTitle "EXT 2023"]
[Source "ChessBase"]
[SourceDate "2022.10.05"]
[SourceVersion "1"]
[SourceVersionDate "2022.10.05"]
[SourceQuality "1"]

1. d4 Nf6 2. Nf3 h6 3. g3 c6 4. Bg2 d5 5. Bf4 Bf5 6. Nbd2 e6 7. c3 Bd6 8. Bxd6 Qxd6 9. 0-0 Nbd7 10. Re1 e5 11. dxe5 Nxe5 12. Nxe5 Qxe5 13. e4 dxe4 14. Nxe4 0-0 15. Nd6 Qc5 16. Nxf5 Qxf5 17. Re3 Rad8 18. Qe2 Rfe8 19. Re1 Rxe3 20. fxe3 Qe6 21. c4 Re8 22. b3 Ng4 23. Bh3 Qxe3+ 24. Qxe3 Rxe3 25. Rxe3 Nxe3 26. Kf2 Nc2 27. Bc8 b6 28. Bb7 c5 29. Bd5 Kf8 30. Kf3 Nd4+ 31. Ke4 Ke7 32. g4 f6 33. h3 g6 34. Kf4 Ne2+ 35. Ke3 Nc1 36. Be4 Nxa2 37. Bxg6 Ke6 38. Kf4 Nc1 39. Bc2 Ne2+ 40. Ke3 Ng1 41. Bf5+ 0-1

[Event "Faxe anniversity"]
[Site "Faxe"]
[Date "2014.03.26"]
[Round "1"]
[White "Skotte, Niels Peder"]
[Black "Ambirk, Jan Robert"]
[Result "0-1"]
[WhiteElo "1346"]
[BlackElo "1763"]
[PlyCount "30"]
[EventDate "2014.03.26"]
[EventType "swiss"]
[EventRounds "7"]
[EventCountry "DEN"]
[SourceTitle "EXT 2023"]
[Source "ChessBase"]
[SourceDate "2022.10.05"]
[SourceVersion "1"]
[SourceVersionDate "2022.10.05"]
[SourceQuality "1"]

1. d4 Nf6 2. c4 g6 3. Nc3 c5 4. d5 Bg7 5. Bg5 Qa5 6. Bxf6 Bxf6 7. Qb3 Na6 8. Kd2 0-0 9. e3 d6 10. Bd3 Bd7 11. a4 b5 12. cxb5 c4 13. Bxc4 Nc5 14. Qc2 Bf5 15. Bd3 Nxd3 0-1